Central Library OPAC University of Rajshahi

The new criminology : (Record no. 60310)

MARC details
000 -LEADER
fixed length control field 01095nam a2200301 a 4500
001 - CONTROL NUMBER
control field 60310
003 - CONTROL NUMBER IDENTIFIER
rucl marc code BD-RjUL
005 - DATE AND TIME OF LATEST TRANSACTION
control field 20211209080826.0
008 - FIXED-LENGTH DATA ELEMENTS--GENERAL INFORMATION
fixed length control field 730712s1973 enk b 001 0 eng
020 ## - INTERNATIONAL STANDARD BOOK NUMBER
International Standard Book Number 06131824
035 ## - SYSTEM CONTROL NUMBER
System control number (BD-RjUL)60434
040 ## - CATALOGING SOURCE
Original cataloging agency DLC
Transcribing agency DLC
Modifying agency BD-RjUL
Language of cataloging eng
041 ## - LANGUAGE CODE
Language code of text/sound track or separate title eng
082 00 - DEWEY DECIMAL CLASSIFICATION NUMBER
Classification number 364
Edition number 23
Author mark and year TAN 1974
100 1# - MAIN ENTRY--PERSONAL NAME
Personal name Taylor, Ian R.
9 (RLIN) 179480
245 14 - TITLE STATEMENT
Title The new criminology :
Remainder of title for a social theory of deviance /
Statement of responsibility, etc. Ian Taylor, Paul Walton and Jock Young ; with a foreword by Alvin W. Gouldner
260 ## - PUBLICATION, DISTRIBUTION, ETC. (IMPRINT)
Place of publication, distribution, etc. London :
Name of publisher, distributor, etc. Routledge and Kegan Paul,
Date of publication, distribution, etc. 1973.[First harper torchbook edition published 1974 ]
300 ## - PHYSICAL DESCRIPTION
Pagination xv, 325 p. ;
Size 23 cm.
490 1# - SERIES STATEMENT
Series statement International library of sociology
504 ## - BIBLIOGRAPHY, ETC. NOTE
Bibliography, etc Includes index and Bibliography: p. 302-320.
650 #0 - SUBJECT ADDED ENTRY--TOPICAL TERM
Topical term or geographic name as entry element Criminology.
9 (RLIN) 176527
Topical term or geographic name as entry element Deviant behavior.
9 (RLIN) 179481
653 ## - INDEX TERM--UNCONTROLLED
Uncontrolled term Crime
-- Theories, to 1973
-- Sociological perspectives
700 1# - ADDED ENTRY--PERSONAL NAME
Personal name Walton, Paul,
Relator term author.
Personal name Young, Jock,
Relator term author.
830 #0 - SERIES ADDED ENTRY--UNIFORM TITLE
Uniform title International library of sociology.
942 ## - ADDED ENTRY ELEMENTS (KOHA)
Source of classification or shelving scheme Dewey Decimal Classification
Koha item type Books
Holdings
Lost status Source of classification or shelving scheme Damaged status Not for loan Collection code Permanent Location Current Location Shelving location Date acquired Source of acquisition Cost, normal purchase price Total Checkouts Full call number Date last seen Copy number Koha item type
  Dewey Decimal Classification   Not For Loan Non-fiction Central Library, University of Rajshahi Central Library, University of Rajshahi Reading Room 28/02/1979 India International, Kolkata 35.50   364 TAN 1974 29/12/2016 C-1 Books